000 00913cam a22003013a 4500
001 6556
003 PGUSA
005 20140828083134.0
008 040901s2004||||xxu|||||s|||||000 1 eng d
040 _aPGUSA
_beng
042 _adc
050 4 _aPS
100 1 _aSinclair, Upton,
_d1878-1968
245 1 4 _aThe Jungle
_h[electronic resource] /
_cUpton Sinclair
260 _bProject Gutenberg,
_c2004
506 _aCopyrighted. Read the copyright notice inside this book for details.
516 _aElectronic text
653 _aChicago (Ill.) -- Fiction
653 _aPolitical fiction
653 _aWorking class -- Fiction
653 _aStockyards -- Fiction
653 _aImmigrants -- Fiction
653 _aMeat industry and trade -- Fiction
653 _aLithuanian Americans -- Fiction
830 0 _aProject Gutenberg
_v6556
856 4 0 _uhttp://www.gutenberg.org/ebooks/6556
942 _cAB
999 _c235876
_d235876